প্রাচীন ভারতের অর্থনৈতিক ইতিহাসের সন্ধানে / (Record no. 103980)
[ view plain ]
| 000 -LEADER | |
|---|---|
| fixed length control field | 00981nam a22002297a 4500 |
| 003 - CONTROL NUMBER IDENTIFIER | |
| control field | BD-DhUL |
| 005 - DATE AND TIME OF LATEST TRANSACTION | |
| control field | 20160921152848.0 |
| 008 - FIXED-LENGTH DATA ELEMENTS--GENERAL INFORMATION | |
| fixed length control field | 160904b1398 bg ||||| |||| 00| 0 ben d |
| 020 ## - INTERNATIONAL STANDARD BOOK NUMBER | |
| International Standard Book Number | 8170669626 |
| 040 ## - CATALOGING SOURCE | |
| Transcribing agency | BD-DhUL |
| Modifying agency | BD-DhUL |
| 082 ## - DEWEY DECIMAL CLASSIFICATION NUMBER | |
| Classification number | 954 |
| Item number | CHP |
| 245 0# - TITLE STATEMENT | |
| Title | প্রাচীন ভারতের অর্থনৈতিক ইতিহাসের সন্ধানে / |
| Remainder of title | |
| Statement of responsibility, etc. | রণবীর চক্রবর্তী, অশীন দাশগুপ্ত সম্পাদিত |
| 260 ## - PUBLICATION, DISTRIBUTION, ETC. (IMPRINT) | |
| Place of publication, distribution, etc. | কলকাতা : |
| Name of publisher, distributor, etc. | আনন্দ, |
| Date of publication, distribution, etc. | ১৩৯৮। |
| 300 ## - PHYSICAL DESCRIPTION | |
| Extent | ২৪৮ পৃ. : |
| Dimensions | ২১ সেমি.। |
| 365 ## - TRADE PRICE | |
| Price type code | tk |
| Price amount | 45.00 |
| 490 0# - SERIES STATEMENT | |
| Series statement | ইতিহাস গ্রন্থমালা ; |
| Volume/sequential designation | ২ |
| 651 #0 - SUBJECT ADDED ENTRY--GEOGRAPHIC NAME | |
| Geographic name | ভারত |
| General subdivision | ইতিহাস |
| 651 #0 - SUBJECT ADDED ENTRY--GEOGRAPHIC NAME | |
| Geographic name | India |
| General subdivision | History |
| 700 1# - ADDED ENTRY--PERSONAL NAME | |
| Personal name | চক্রবর্তী, রণবীর |
| Relator term | সম্পা. |
| 700 1# - ADDED ENTRY--PERSONAL NAME | |
| Personal name | দাশগুপ্ত, অশীন |
| Relator term | সম্পা. |
| 942 ## - ADDED ENTRY ELEMENTS (KOHA) | |
| Source of classification or shelving scheme | |
| Koha item type | Books |
| Price effective from | Date last seen | Permanent Location | Not for loan | Date acquired | Source of classification or shelving scheme | Koha item type | Lost status | Withdrawn status | Copy number | Source of acquisition | Collection code | Damaged status | Shelving location | Barcode | Current Location | Full call number |
|---|---|---|---|---|---|---|---|---|---|---|---|---|---|---|---|---|
| 2016-09-04 | 2016-09-04 | Dhaka University Library | 2016-09-04 | Books | 1 | purchased | Non Fiction | General Stacks | 427734 | Dhaka University Library | 954 CHP |
